Statistics for First Lines of Harry Potter (The Goblet of Fire Movie)

Click here to take the quiz!

General Stats

  • This quiz has been taken 2,901 times
    (2,883 since last reset)
  • The average score is 12 of 18

Answer Stats

Line Character % Correct
"Bloody hell!"Ron Weasley
97%
"Father and I are in the ministers box."Draco Malfoy
93%
"No, the boy is everything."Voldemort
88%
"Now that we're all settled in and sorted, I would like to make an announcement."Dumbledore
88%
"There's the um... Cruciatus curse."Neville Longbottom
83%
"Two pumpkin pasties, please."Cho Chang
70%
"Professor Dumblydore, my horses have travelled a long way and they need a place to stay."Madame Maxime
69%
"Bly me, that's one big woman!"Seamus Finnegan
68%
"Hermione! Bad dream!"Harry Potter
68%
"Harry are you alright?"Hermione Granger
67%
"This can't go on, Albus."Professor McGonagall
67%
"Well, put it this way, if it rains, you'll be the first to know."Lucius Malfoy
63%
"Clear the runway!"Hagrid
60%
"Albus, hahahahaha!"Igor Karkaroff
59%
"I will not disappoint you, my lord."Barty Crouch Jr
58%
"Professor, I too find it difficult to be a mere coincidence."Severus Snape
58%
"You have no business here."Viktor Krum
35%
"What a charismatic quartet."Rita Skeeter
35%

Score Distribution

Percentile by Number Answered

Percent of People with Each Score

Your Score History

You have not taken this quiz since the last reset